| 000 | 01257nam a2200289Ia 4500 | ||
|---|---|---|---|
| 999 |
_c53676 _d53676 |
||
| 001 | 20723 | ||
| 003 | GE_BSU | ||
| 005 | 20221110151522.0 | ||
| 008 | 181216s2015||||xx |||||||||||||| ||eng|| | ||
| 020 | _a9780521709491x | ||
| 040 | _cGE_BSU | ||
| 041 | _aeng | ||
| 080 | _a327 T-44 | ||
| 245 | 4 |
_aThe European Union and Border Conflicts : _bThe Power of Integration and Association / _cEdited by Thomas Diez, Mathias Albert, Stephan Stetter. |
|
| 264 |
_aCambridge : _bCambridge University Press, _c2008. |
||
| 300 |
_a265 p. ; _c23 cm. |
||
| 653 | _aThe European Union and Border Conflicts | ||
| 653 | _aThe Power of Integration and Association | ||
| 653 | _aКонфликты Европейского Союза и границы | ||
| 653 | _aсила интеграции и ассоциации | ||
| 653 | _aევროკავშირი და სასაზღვრო კონფლიქტები | ||
| 653 | _a ინტეგრაციისა და გაერთიანების ძალა | ||
| 700 |
_aDiez, Thomas _eრედაქტორი _910385 |
||
| 700 |
_aMathias, Albert _eრედაქტორი _910386 |
||
| 700 |
_aStetter, Stephan _eრედაქორი _910387 |
||
| 942 |
_cBK _2udc |
||